[Event "Ostrava Cup"]
[Site "Ostrava"]
[Date "1998.??.??"]
[Round "10"]
[White "Shulman, Yuri"]
[Black "Cicak, Slavko"]
[Result "0-1"]
[WhiteElo "2520"]
[BlackElo "2460"]

1.d4 Nf6 2.c4 g6 3.Nc3 Bg7 4.e4 O-O 5.Nf3 c6 6.e5 Ne8 7.h3 c5 8.d5 d6 9.Bf4 Nd7
10.exd6 exd6 11.Be2 h6 12.g4 Ne5 13.Nxe5 dxe5 14.Be3 b6 15.h4 Nd6 16.Qd2 Kh7
17.h5 g5 18.Qc2+ Kh8 19.O-O-O a6 20.Rhg1 Bd7 21.Bd3 Qc8 22.f3 f5 23.Qg2 e4
24.fxe4 f4 25.Bf2 Be5 26.Be2 b5 27.Qf3 Re8 28.Rd2 b4 29.Nb1 Nxe4 30.Bd3 Nxf2
31.Rxf2 Bd4 32.Nd2 Bxg4 33.Rxg4 Bxf2 34.Rg2 Be3 35.Bc2 Qc7 36.Bg6 Rf8 37.d6 Qg7
38.Kb1 Rad8 39.Ne4 Qd4 40.Rc2 g4 41.Qxg4 f3  0-1

[Event "Ostrava Cup"]
[Site "Ostrava"]
[Date "1998.??.??"]
[Round "11"]
[White "Polak, Tomas"]
[Black "Shulman, Yuri"]
[Result "1/2-1/2"]
[WhiteElo "2525"]
[BlackElo "2520"]

1.d4 Nf6 2.c4 g6 3.Nc3 Bg7 4.e4 d6 5.Nf3 O-O 6.Be2 e5 7.O-O Nc6 8.d5 Ne7
9.b4 Nh5 10.Re1 f5 11.Ng5  1/2-1/2

[Event "Rilton Cup 97/98"]
[Site "Stockholm"]
[Date "1998.??.??"]
[Round "4"]
[White "Khenkin, Igor"]
[Black "Shulman, Yuri"]
[Result "1-0"]
[WhiteElo "2550"]
[BlackElo "2510"]

1.d4 Nf6 2.c4 g6 3.Nc3 Bg7 4.e4 d6 5.f3 O-O 6.Nge2 c5 7.d5 e6 8.Ng3 exd5
9.cxd5 b6 10.Bg5 h6 11.Be3 Ba6 12.Bxa6 Nxa6 13.Qd2 Kh7 14.O-O Qd7 15.a3 b5
16.b4 cxb4 17.axb4 Nxb4 18.Ra5 Qc7 19.Rfa1 Qc4 20.Nxb5 Nc2 21.Na3 Nxa3 22.R5xa3 Rfc8
23.Ne2 Nxd5 24.exd5 Bxa1 25.Rxa1 Qc2 26.Ng3 Qxd2 27.Bxd2 Rc2 28.Bf4 Rb8 29.Bxd6 Rbb2
30.Ne4 Rxg2+ 31.Kh1 Ra2 32.Rxa2 Rxa2 33.Nf6+ Kg7 34.Be7 Re2 35.d6 g5 36.Ne8+ Kg6
37.d7  1-0

[Event "Rilton Cup 97/98"]
[Site "Stockholm"]
[Date "1998.??.??"]
[Round "6"]
[White "Petronic, Jovan"]
[Black "Shulman, Yuri"]
[Result "1/2-1/2"]
[WhiteElo "2490"]
[BlackElo "2510"]

1.e4 e6 2.d4 d5 3.Nd2 c5 4.exd5 exd5 5.Ngf3 Nc6 6.Bb5 Bd6 7.O-O cxd4 8.Nb3 Ne7
9.Nbxd4 O-O 10.Bd3 h6 11.Be3 Nb4 12.Re1 Nxd3 13.Qxd3 a6 14.c3 Bg4 15.Bd2 Qb6
16.Qc2  1/2-1/2

[Event "Rilton Cup 97/98"]
[Site "Stockholm"]
[Date "1998.??.??"]
[Round "9"]
[White "Shulman, Yuri"]
[Black "Agrest, Evgenij"]
[Result "1/2-1/2"]
[WhiteElo "2510"]
[BlackElo "2505"]

1.e4 c5 2.Nf3 e6 3.d4 cxd4 4.Nxd4 a6 5.Bd3 Bc5 6.Nb3 Be7 7.O-O d6 8.c4 Nf6
9.Nc3 b6 10.Be3 Bb7 11.Qe2 O-O  1/2-1/2

[Event "Excelsior Cup"]
[Site "Goteborg"]
[Date "1999.01.09"]
[Round "3"]
[White "Ziegler, Ari"]
[Black "Shulman, Yuri"]
[Result "1/2-1/2"]
[WhiteElo "2450"]
[BlackElo "2520"]

1.d4 Nf6 2.c4 g6 3.Nc3 Bg7 4.e4 d6 5.Nf3 O-O 6.Be2 e5 7.O-O Nc6 8.d5 Ne7
9.Ne1 Nd7 10.Be3 f5 11.f3 f4 12.Bf2 g5 13.a4 Ng6 14.a5 Kh8 15.Nb5 Nf6 16.Nxa7 Bd7
17.c5 g4 18.c6 g3 19.hxg3 bxc6 20.Nxc6 Bxc6 21.dxc6 Nh5 22.gxf4 exf4 23.Bc4 Ng3
24.Be6 Nxf1 25.Kxf1 Qf6 26.Bc4 Qxb2 27.Ra4 Rfb8 28.a6 Qc3 29.Nd3 Ne5 30.a7 Nxc4
31.axb8=Q+ Rxb8 32.Nxf4 Nd2+ 33.Kg1 Qxc6 34.Ra1 Be5 35.Rc1 Qxc1 36.Qxc1 Rb1
37.Qxb1 Nxb1 38.Nd3 Ba1  1/2-1/2

[Event "Excelsior Cup"]
[Site "Goteborg"]
[Date "1999.01.10"]
[Round "4"]
[White "Rytshagov, Mikhail"]
[Black "Shulman, Yuri"]
[Result "1/2-1/2"]
[WhiteElo "2533"]
[BlackElo "2523"]

1.e4 e6 2.d4 d5 3.Nc3 Bb4 4.e5 c5 5.a3 Bxc3+ 6.bxc3 Ne7 7.Qg4 Qc7 8.Bd3 c4
9.Be2 Nf5 10.Nf3 Bd7 11.Nh4 h5 12.Qg5 Nxh4 13.Qxh4 Ba4 14.Ra2 Nc6 15.Qg5 g6
16.Qf6 Rh7 17.Bg5 Qa5 18.Kd2 Kd7 19.Rb1 Kc7 20.Rab2 b6 21.Qf4 Qa6 22.h4 Qc8
23.Bf6 Qd7 24.g3 Rg8 25.Bf1 Kb7 26.Bg2 Qe8 27.Qg5 Kc7 28.Qe3 Kb7 29.Bf3 Qf8
30.Ra2 Qe8 31.Be2 Qf8 32.Raa1 Qe8 33.Bf1 Kc7 34.Bg2 Kb7 35.Kc1 Kc7 36.Bf3 Kb7
37.Kd2 Kc7 38.Qf4 Kb7 39.Be2 Kc7 40.Rb2 Kb7 41.Qe3 Qf8 42.Kc1 Qe8 43.Kb1 Qd7
44.Ka2 Qe8 45.Rab1 Qd7 46.Qd2 Qe8 47.f3 Kc7 48.g4 Kb7 49.Rg1 Qd7 50.Qg5 Re8
51.Qe3 Kc7 52.Qd2 Kb7 53.Rh1 Rf8 54.Rbb1 Ne7 55.Rb4 Ng8 56.g5 a5 57.Rb2 Rb8
58.Ra1 Ne7 59.Bf1 Nf5 60.Qf2 Ka7 61.Kb1 Bc6 62.Bh3 Ng7 63.Kc1  1/2-1/2

[Event "Goodricke 10th op"]
[Site "Calcutta"]
[Date "1999.02.10"]
[Round "5"]
[White "Rogozenko, Dorin"]
[Black "Shulman, Yuri"]
[Result "1-0"]
[WhiteElo "2555"]
[BlackElo "2520"]

1.Nf3 c5 2.c4 g6 3.d4 Bg7 4.d5 Nf6 5.Nc3 O-O 6.e4 d6 7.h3 e6 8.Bd3 exd5 9.cxd5 Bd7
10.Bf4 Re8 11.O-O b5 12.Bxd6 b4 13.Ne2 Nxe4 14.Bxe4 Rxe4 15.Bxc5 Bb5 16.Re1 Na6
17.Be3 Bxb2 18.Qc2 Bxa1 19.Qxe4 Bg7 20.Ned4 Qe8 21.Qh4 Ba4 22.Bh6 Qd8 23.Ng5 Bf6
24.Ndf3 Nc5 25.Ne5 Qxd5 26.Qf4 Bc6 27.Nxc6 Qxc6 28.Rc1 Re8 29.Qc4 Bxg5 30.Bxg5 Qd6
31.Qxb4 Ne4 32.Qxd6 Nxd6 33.Rc7 Ra8 34.a4 a6 35.Rc6 Ne4 36.Be3 Kf8 37.a5 Ke7
38.Rc7+ Ke6 39.Bb6 Nd6 40.g4 h5 41.gxh5 gxh5 42.Rc6 Kd7 43.Rc5 Nc8 44.Rc7+ Ke6
45.Bc5 Kd5 46.Kg2 Rb8 47.Kg3 f6 48.Kh4 Nd6 49.Bxd6 Kxd6 50.Ra7 Rb4+ 51.Kxh5 Rb5+
52.Kg6 Rxa5 53.f4 Ke6 54.h4 Ra3 55.f5+ Ke5 56.Re7+ Kf4 57.h5 Rg3+ 58.Kxf6 Rh3
59.Rc7 Rxh5 60.Rc4+ Ke3 61.Kg6 Rh8 62.f6 Kd3 63.Ra4 Ra8 64.f7 Kc3 65.Re4 Rf8
66.Ra4 Ra8 67.Re4 Rf8 68.Kg7 Rxf7+ 69.Kxf7 Kb3 70.Ke6 a5 71.Kd5 a4 72.Kc5 a3
73.Re3+ Kb2 74.Kb4 a2 75.Re2+ Kb1 76.Kb3  1-0

[Event "Goodricke 10th op"]
[Site "Calcutta"]
[Date "1999.02.14"]
[Round "9"]
[White "Gleizerov, Evgeny"]
[Black "Shulman, Yuri"]
[Result "1/2-1/2"]
[WhiteElo "2515"]
[BlackElo "2520"]

1.d4 Nf6 2.c4 g6 3.Nc3 Bg7 4.e4 d6 5.Nf3 O-O 6.Be2 e5 7.O-O Nc6 8.d5 Ne7
9.Nd2 a5 10.a3 Nd7 11.Rb1 f5 12.b4 Kh8 13.Qc2 Nf6 14.f3 axb4 15.axb4 c6 16.Kh1 f4
17.dxc6 Nxc6 18.Nb5 Qe7 19.Rd1 Rd8 20.Nb3 Nxb4 21.Qd2 Nc6 22.Nxd6  1/2-1/2

[Event "Goodricke 10th op"]
[Site "Calcutta"]
[Date "1999.02.15"]
[Round "10"]
[White "Shulman, Yuri"]
[Black "Slobodjan, Roman"]
[Result "1/2-1/2"]
[WhiteElo "2520"]
[BlackElo "2535"]

1.d4 d5 2.c4 e6 3.Nc3 Nf6 4.Nf3 Be7 5.Bg5 a6 6.e3 Nbd7 7.Qc2 h6 8.Bh4 dxc4
9.Bxc4 b5 10.Bd3 c5 11.a4 b4 12.Ne4 Bb7 13.Bxf6  1/2-1/2

[Event "United Insurance 4th"]
[Site "Dhaka"]
[Date "1999.02.26"]
[Round "8"]
[White "Reefat bin Satter"]
[Black "Shulman, Yuri"]
[Result "0-1"]
[WhiteElo "2354"]
[BlackElo "2523"]

1.e4 e6 2.d4 d5 3.Nc3 Nf6 4.e5 Nfd7 5.f4 c5 6.Nf3 a6 7.Be3 Qb6 8.Rb1 Nc6
9.Qd2 Qa7 10.Nd1 cxd4 11.Nxd4 Nxd4 12.Bxd4 Bc5 13.c3 f6 14.Qe3 O-O 15.Nf2 fxe5
16.fxe5 Rf5 17.Be2 Rxe5 18.Qd2 Rf5 19.O-O Nf8 20.Bd3 Rf7 21.Qe3 Bxd4 22.cxd4 Bd7
23.Ng4 Rxf1+ 24.Rxf1 Bb5 25.Bxb5 axb5 26.h4 b4 27.Kh1 b5 28.Ne5 Qe7 29.h5 Qh4+
30.Kg1 Qxh5 31.Rf7 Ng6 32.g4 Qh4  0-1

[Event "United Insurance 4th"]
[Site "Dhaka"]
[Date "1999.03.01"]
[Round "11"]
[White "Hossain, Enamul"]
[Black "Shulman, Yuri"]
[Result "1/2-1/2"]
[WhiteElo "2310"]
[BlackElo "2523"]

1.e4 e6 2.d4 d5 3.Nc3 Bb4 4.exd5 exd5 5.Bd3 Ne7 6.Qh5 c5 7.dxc5 d4 8.a3 Qa5
9.axb4 Qxa1 10.Nce2 Nbc6 11.Nf3 g6 12.Qg5 Bf5 13.Bxf5 gxf5 14.O-O Rg8 15.Qf6 Qa6
16.Nexd4 Nxd4 17.Qxd4 Qc6 18.Bg5 Rd8 19.Qh4 h6 20.Qxh6 Qxh6 21.Bxh6 Rg6 22.Bg5 Re6
23.g3 f6 24.Bd2 Kf7 25.Ra1 a6 26.Kf1 Nc6 27.Bc3 Rd7 28.Nh4 Ne7 29.Ng2 Nd5
30.Be1 Re4 31.c6 bxc6 32.Rxa6 Nxb4 33.Bxb4 Rxb4 34.b3 Rd6 35.Nf4 Rb7 36.Nd3 Rb5
37.h4 Kg7 38.Ke2 Rbd5 39.Ra4 Kh6 40.Rc4 Kg7 41.Ke3 Kf7 42.Nf4 Re5+ 43.Kf3 Rb5
44.Nd3 Kg6 45.Nf4+ Kf7 46.Ng2 Kg6 47.Ne3 Kf7 48.Ra4 Kg6 49.Ra7 Rc5 50.c4 Rd3
51.Rb7 Ra5 52.Rb6 Ra2 53.Rxc6 Rxb3 54.Rd6 Rbb2 55.Nd1 Rb3+ 56.Ne3 Rbb2 57.Nd1 Rb3+
58.Kg2 Re2 59.c5 Rc2 60.c6 Rb6 61.Ne3 Rbxc6 62.Rd4 R2c5 63.Nd5 Kf7 64.Nf4 Rc7
65.h5 R5c6 66.Rd5 Rc5 67.Rd8 Re5 68.h6 Re8 69.Rd6 Rce7 70.h7 Kg7 71.Nh5+ Kxh7
72.Nxf6+ Kg7 73.Nxe8+ Rxe8 74.Rd4 Kf6 75.Kf3 Kg5 76.Ra4 Re6 77.Ra8 Rb6 78.Rg8+ Kf6
79.Rf8+ Kg5 80.Kg2  1/2-1/2

[Event "United Insurance 4th"]
[Site "Dhaka"]
[Date "1999.03.02"]
[Round "12"]
[White "Shulman, Yuri"]
[Black "Kunte, Abhijit"]
[Result "1/2-1/2"]
[WhiteElo "2523"]
[BlackElo "2455"]

1.e4 c5 2.Nf3 e6 3.d4 cxd4 4.Nxd4 a6 5.Bd3 Nf6 6.O-O Qc7 7.Qe2 d6 8.c4 Nbd7
9.f4 Be7 10.Kh1 O-O 11.Nc3 Re8 12.Nf3 Nf8 13.Bd2 b6 14.Ng5 Bb7 15.Rae1 Rad8
16.Rc1 h6 17.Nf3 N6d7 18.Bb1 Rc8 19.b3 Bf6 20.Rfd1 Red8 21.Be1  1/2-1/2

[Event "United Insurance 4th"]
[Site "Dhaka"]
[Date "1999.03.03"]
[Round "13"]
[White "Neelotpal, Das"]
[Black "Shulman, Yuri"]
[Result "1/2-1/2"]
[WhiteElo "2436"]
[BlackElo "2523"]

1.e4 c5 2.Nf3 e6 3.d4 cxd4 4.Nxd4 Nc6 5.Nc3 Qc7 6.Be2 a6 7.O-O Nf6 8.Kh1 Be7
9.f4 d6 10.Be3 O-O 11.a4 Re8  1/2-1/2

[Event "Komercni Banka op"]
[Site "Pardubice"]
[Date "1999.07.23"]
[Round "8"]
[White "Jirovsky, Milos"]
[Black "Shulman, Yuri"]
[Result "1-0"]
[WhiteElo "2458"]
[BlackElo "2559"]

1.c4 g6 2.g3 Bg7 3.Bg2 c5 4.Nc3 Nc6 5.d3 e6 6.e4 Nge7 7.Nge2 O-O 8.h4 h6
9.h5 g5 10.f4 g4 11.Be3 Nd4 12.Bf2 Nec6 13.Nxd4 Nxd4 14.Bxd4 cxd4 15.Nb5 Qb6
16.e5 f6 17.O-O fxe5 18.Qxg4 e4 19.f5 exf5 20.Rxf5 Re8 21.Qf4 d5 22.Rxd5 exd3
23.Rd6 Qc5 24.Bd5+ Kh7 25.Qf7 Be6 26.Rxe6 Rxe6 27.Qxe6 d2 28.Qg6+ Kh8 29.Be4 d3+
30.Kh2 Kg8 31.Rf1  1-0

[Event "Komercni Banka op"]
[Site "Pardubice"]
[Date "1999.07.24"]
[Round "9"]
[White "Shulman, Yuri"]
[Black "Gorin, Leonid"]
[Result "1/2-1/2"]
[WhiteElo "2559"]
[BlackElo "2388"]

1.e4 e5 2.f4 exf4 3.Nf3 d6 4.d4 g5 5.h4 g4 6.Ng1 f5 7.Bxf4 fxe4 8.Nc3 Nf6
9.d5 Bg7 10.h5 O-O 11.h6 Bh8 12.Qd2 Nbd7 13.O-O-O Nc5 14.Nge2 e3 15.Bxe3 Nfe4
16.Qe1 Qf6 17.Nd4 Bd7 18.Nxe4 Nxe4 19.Bd3 Rae8 20.Rf1 Qe5 21.Rxf8+ Rxf8 22.Bg1 Nc5
23.Bc4 Re8  1/2-1/2

[Event "Rilton Cup 9899"]
[Site "Stockholm"]
[Date "1999.??.??"]
[Round "9"]
[White "Shulman, Yuri"]
[Black "Markovic, Miroljub"]
[Result "1/2-1/2"]
[WhiteElo "2520"]
[BlackElo "2575"]

1.d4 Nf6 2.c4 g6 3.Nc3 Bg7 4.e4 d6 5.Nf3 O-O 6.Be2 e5 7.Be3 Na6 8.O-O Ng4
9.Bg5 Qe8 10.dxe5 dxe5 11.Nd2 h6 12.Bh4 Nf6 13.Nd5 g5 14.Bg3 c6 15.Ne3 Nc5
16.Qc2 Nfd7 17.Bg4 Ne6 18.Bxe6 Qxe6 19.Rfd1 Re8 20.Nf5 Bf8 21.f3 Qg6 22.Nf1 a5
23.N1e3 Bc5 24.Kh1 Nf6 25.Bf2 Kh7 26.Nd6 Bxd6 27.Rxd6 Be6 28.Qc3 g4 29.Qxe5 Rg8
30.Bh4 Nd7 31.Qf4 gxf3 32.gxf3 Qh5 33.Bg3 Ne5 34.Rf1 Nxc4 35.Rxe6 Nxe3 36.Re5 Qh3
37.Rg1 Nf1 38.Qf5+ Qxf5 39.Rxf5 Nxg3+ 40.hxg3 Kg6 41.g4 f6 42.e5 fxe5 43.Rxe5 Rge8
44.Rge1 Rxe5 45.Rxe5 Rd8 46.Re2 h5 47.gxh5+ Kxh5 48.Kg2 Kg5 49.Kg3 Kf5 50.Rh2 Rg8+
51.Kf2 Rd8 52.Ke3 Re8+ 53.Kd4 b6 54.Rh6 Re2 55.Kc3 Re6 56.Rxe6 Kxe6 57.Kd4 Kf5
58.Ke3 a4 59.f4 c5 60.Kf3 b5 61.Ke3 a3 62.bxa3 c4 63.Kf3 c3 64.Ke3 c2 65.Kd2 Kxf4
66.Kxc2 Ke5 67.Kc3 Kd5 68.Kb4 Kc6 69.Ka5  1/2-1/2

[Event "World Open"]
[Site "Philadelphia USA"]
[Date "2000.07.04"]
[Round "9"]
[White "Miton,K"]
[Black "Shulman,Y"]
[Result "1/2-1/2"]
[WhiteElo "2425"]
[BlackElo "2552"]

1.d4 Nf6 2.c4 g6 3.Nc3 Bg7 4.g3 O-O 5.Bg2 c5 6.d5 a6 7.a4 d6 8.Nf3 e6 9.O-O exd5
10.cxd5 Nbd7 11.Bf4 Qe7 12.h3 Rb8 13.Rb1 h6 14.e4 g5 15.Bd2 b5 16.axb5 axb5
17.b4 Ba6 18.Re1 Nh7 19.Bf1 Rfc8 20.bxc5 Nxc5 21.Na2 Qd7 22.Nb4 Re8 23.e5 Bb7
24.Rc1 Rbc8 25.Nc6 Bxc6 26.dxc6 Qxc6 27.Bb4 Bf8 28.Nd4 Qb6 29.exd6 Bxd6 30.Nf5 Bf8
31.Rxe8 Rxe8 32.Qd4 Na4 33.Qa1 Qf6 34.Qxf6 Nxf6 35.Bxf8 Rxf8 36.Nxh6+ Kh7
37.Bxb5 Kxh6 38.Bxa4 Ra8 39.Bb3 Ra7 40.Rc6 Kg7 41.Rc5 Nh7 42.Kg2 f6 43.Rb5 Nf8
44.Kf3 Ng6 45.Kg2 Ne5 46.Bc2 Rd7 47.Be4 Nf7 48.Rd5 Re7 49.Rd4 Ne5 50.Bf5 Nf7
51.Rb4 Nd6 52.Bb1 Rb7 53.Rxb7+ Nxb7 54.Kf3 Nd6 55.Bd3 Nf7 56.Ke4 Ne5 57.Be2 Kf7
58.Kf5 Nc6 59.Bc4+ Kg7 60.Ke6 Nd4+ 61.Kd5 Nf3 62.Be2 Ne5 63.Kd6 Nf7+ 64.Ke6 Ne5
65.Kd5 Ng6 66.Ke4 Ne7 67.Bg4 Ng6 68.Bf3 Ne7 69.Bg4 Ng6 70.Be6 Ne7 71.Kd4 Nc6+
72.Kd5 Ne5 73.Bf5 Nf3 74.Bd3 Ne5 75.Be4 Nf7 76.f4 gxf4 77.gxf4 Ne5 78.Ke6 Nf7
79.h4 Nd8+ 80.Ke7 Nf7 81.h5 Ne5 82.Bf5 Nf7 83.Be6 Ne5 84.h6+ Kxh6 85.Kxf6 Ng6  1/2-1/2

[Event "World Open"]
[Site "Philadelphia USA"]
[Date "2000.07.30"]
[Round "3"]
[White "Ippolito,D"]
[Black "Shulman,Y"]
[Result "1/2-1/2"]
[WhiteElo "2373"]
[BlackElo "2552"]

1.d4 Nf6 2.c4 g6 3.Nf3 Bg7 4.g3 c5 5.Bg2 Qa5+ 6.Nc3 Nc6 7.O-O cxd4 8.Nxd4 Qc5
9.Nxc6 dxc6 10.b3 Qh5 11.Bb2 Bh3 12.Ne4 Bxg2 13.Kxg2 Qf5  1/2-1/2

[Event "Koltanowski Mem"]
[Site "San Francisco USA"]
[Date "2000.12.22"]
[Round "9"]
[White "Shulman,Y"]
[Black "Ehlvest,J"]
[Result "1/2-1/2"]
[WhiteElo "2548"]
[BlackElo "2627"]

1.d4 Nf6 2.c4 g6 3.Nc3 d5 4.cxd5 Nxd5 5.e4 Nxc3 6.bxc3 c5 7.Be3 Bg7 8.Bc4 Nc6
9.Ne2 cxd4 10.cxd4 b5 11.Bxb5 Qa5+ 12.Nc3 Qxc3+ 13.Bd2 Qxd4 14.Bxc6+ Bd7
15.Bxa8 Qxa1  1/2-1/2

[Event "US Amateur Team East"]
[Site "Parsippany USA"]
[Date "2001.02.18"]
[Round "3"]
[White "Kelleher,W"]
[Black "Shulman,Y"]
[Result "1/2-1/2"]
[WhiteElo "2393"]
[BlackElo "2543"]

1.e4 c5 2.Nf3 e6 3.c3 d5 4.exd5 Qxd5 5.d4 Nf6 6.Na3 Be7 7.Nb5 Na6 8.Be2 O-O
9.O-O Bd7 10.Bg5 Rfd8 11.dxc5 Qxc5 12.Qb3 Qc8 13.Rfd1 Nc5 14.Qc2 Bc6 15.Rxd8+ Qxd8
16.Rd1 Qb6 17.Nbd4 Be4 18.Qc1 Rc8 19.Ne5 a6 20.Nc4 Qa7 21.Qf4 Bd5 22.Ne5 Nce4
23.c4 Nxg5 24.Qxg5 Be4 25.Qf4 Qb8 26.Bf3 Bd6 27.Bxe4 Bxe5 28.Qe3 Nxe4 29.Qxe4 Rd8
30.Rd2 Bxh2+ 31.Kf1 Bf4 32.Rd3 Be5 33.Nc6 bxc6 34.Qxe5 Qc8 35.Rd6 h6 36.c5 Qb8
37.Qd4 Re8 38.Kg1 e5 39.Qe4 Qxb2 40.Qxc6 Qc1+ 41.Kh2 Qf4+ 42.Kg1 Rb8 43.Rd1 Rb2
44.Rf1 Rxa2 45.Qd5 Rd2 46.Qa8+ Kh7 47.Qxa6 e4 48.Qc4 Rd7 49.c6 Rc7 50.Rd1 Qe5
51.Rd7 Qa1+ 52.Kh2 Qe5+ 53.Kg1 e3 54.fxe3 Qxe3+ 55.Kf1 Rc8 56.c7 Re8 57.Qc2+ f5
58.Qd2 Qe4 59.Kg1 Qh4 60.Rxg7+ Kxg7 61.Qd7+ Re7 62.c8=Q Qe1+ 63.Kh2 Qe5+
64.Kg1 Rxd7 65.Qxd7+ Kf6 66.Qd8+ Qe7 67.Qd4+ Kf7 68.Kh2 Qe6 69.Kg3 Qf6 70.Qd7+ Kg6
71.Qe8+ Kg5 72.Qg8+ Qg6 73.Qd8+ Kh5+ 74.Kh2 Qe6 75.Kh3 Qe4 76.Qf6 Qg4+ 77.Kh2  1/2-1/2

[Event "US Amateur Team East"]
[Site "Parsippany USA"]
[Date "2001.02.19"]
[Round "6"]
[White "Shulman,Y"]
[Black "Ippolito,D"]
[Result "1-0"]
[WhiteElo "2543"]
[BlackElo "2387"]

1.d4 d5 2.c4 c6 3.Nf3 Nf6 4.Nc3 e6 5.Bg5 h6 6.Bxf6 Qxf6 7.g3 Nd7 8.Bg2 dxc4
9.O-O Be7 10.a4 O-O 11.e4 e5 12.d5 a5 13.Nd2 Nb6 14.Qe2 Bd7 15.Nxc4 Nxc4
16.Qxc4 b5 17.Qe2 b4 18.dxc6 bxc3 19.cxd7 cxb2 20.Qxb2 Qe6 21.Rfd1 Bc5 22.Bf1 Bd4
23.Rxd4 exd4 24.Qxd4 Rfd8 25.Bb5 Rab8 26.Rd1 Rb7 27.Qc3 Qb6 28.Qe5 Qe6 29.Rd5 Qxe5
30.Rxe5 Kh7 31.Kg2 Kg6 32.f3 f6 33.Rc5 Kf7 34.f4 Ke7 35.e5 fxe5 36.fxe5 Rdxd7
37.Bxd7 Kxd7 38.Rxa5 Rb2+ 39.Kh3 Ke6 40.Ra7 g5 41.Ra6+ Kf5 42.Rf6+ Kxe5 43.Rxh6 Kf5
44.g4+ Ke4 45.a5 Ra2 46.a6 Ra3+ 47.Kg2 Kf4 48.h3 Ra2+ 49.Kf1 Kf3 50.Ke1 Kg3
51.Kd1 Kf4 52.Kc1 Kg3 53.Kb1 Ra5 54.Kb2 Rb5+ 55.Kc3 Ra5 56.Kb4 Ra1 57.Kb5 Ra3
58.Kb6 Rb3+ 59.Kc7 Ra3 60.Kb7 Rb3+ 61.Rb6 Ra3 62.a7 Kxh3 63.Rb4  1-0

[Event "Linklater Mem"]
[Site "San Francisco USA"]
[Date "2001.03.08"]
[Round "11"]
[White "Shulman,Y"]
[Black "Baburin,A"]
[Result "1/2-1/2"]
[WhiteElo "2543"]
[BlackElo "2598"]

1.e4 Nf6 2.e5 Nd5 3.d4 d6 4.c4 Nb6 5.f4 dxe5 6.fxe5 c5 7.d5 e6 8.Nc3 exd5
9.cxd5 c4 10.Nf3 Bb4 11.Bxc4 Bxc3+ 12.bxc3 Nxc4 13.Qa4+ Nd7 14.Qxc4 Nb6 15.Qb5+ Qd7
16.Qxd7+ Bxd7 17.d6 Rc8 18.Bd2 Bb5 19.Nd4 Bd3  1/2-1/2

[Event "Linklater Mem"]
[Site "San Francisco USA"]
[Date "2001.03.28"]
[Round "3"]
[White "Lakdawala,C"]
[Black "Shulman,Y"]
[Result "1/2-1/2"]
[WhiteElo "2436"]
[BlackElo "2543"]

1.Nf3 Nf6 2.c4 g6 3.Nc3 Bg7 4.e4 d6 5.d4 O-O 6.Be2 e5 7.dxe5 dxe5 8.Qxd8 Rxd8
9.Bg5 Re8 10.Nd5 Nxd5 11.cxd5 c6 12.Bc4 cxd5 13.Bxd5 Nd7 14.Nd2 Nc5 15.O-O-O Be6
16.Bxe6 Nxe6  1/2-1/2

[Event "2nd IECC"]
[Site "Ohrid MKD"]
[Date "2001.06.05"]
[Round "5"]
[White "Shulman,Y"]
[Black "Rublevsky,S"]
[Result "1/2-1/2"]
[WhiteElo "2551"]
[BlackElo "2657"]

1.d4 d5 2.c4 dxc4 3.Nf3 e6 4.e3 c5 5.Bxc4 a6 6.O-O Nf6 7.e4 b5 8.Bd3 Bb7
9.Bg5 Be7 10.Bxf6 Bxf6 11.e5 Be7 12.dxc5 Nd7 13.b4 Bxf3 14.Qxf3 Nxe5 15.Qe4 Nxd3
16.Rd1 Qd5 17.Qxd5 exd5 18.Rxd3 Bf6 19.Nc3 O-O-O 20.a4 bxa4 21.Rxa4 Rhe8
22.Kf1 Bxc3 23.Rxc3 Kb7 24.Ra5  1/2-1/2

[Event "2nd IECC"]
[Site "Ohrid MKD"]
[Date "2001.06.06"]
[Round "6"]
[White "Shulman,Y"]
[Black "Lautier,J"]
[Result "1-0"]
[WhiteElo "2551"]
[BlackElo "2658"]

1.d4 Nf6 2.c4 e6 3.Nc3 Bb4 4.e3 O-O 5.Ne2 d5 6.a3 Be7 7.cxd5 exd5 8.b4 c6
9.Ng3 Re8 10.Bd3 Nbd7 11.O-O Nb6 12.b5 c5 13.dxc5 Bxc5 14.Na4 Nxa4 15.Qxa4 d4
16.Qc2 Bb6 17.e4 Ng4 18.h3 Ne5 19.f4 Nxd3 20.Qxd3 Bd7 21.Bd2 a6 22.bxa6 Rxa6
23.Bb4 Ba7 24.Rac1 Rc6 25.e5 Qb6 26.Ne4 Bf5 27.Kh2 h6 28.Qf3 Bxe4 29.Qxe4 Qb5
30.Rcd1 Rc4 31.Rfe1 Qc6 32.Rd2 Qc8 33.Rd3 Qc6 34.Rd2 Bb6 35.Rd3 Rc2 36.Re2 Qxe4
37.Rxe4 g6 38.Re1 Ba7 39.Kg3 Rec8 40.Kf3 h5 41.g4 Rh2 42.Ke4 hxg4 43.hxg4 Re8
44.g5 Rc8 45.Kd5 Rh4 46.Rb1 b5 47.Rf1 Rc2 48.Rff3 Rc4 49.Be7 Rc7 50.Bf6 Rc5+
51.Kd6 Rc1 52.Rh3 Rh1 53.Rxh4 Rxh4 54.Rd1 Kh7 55.Rc1  1-0

[Event "2nd IECC"]
[Site "Ohrid MKD"]
[Date "2001.06.10"]
[Round "9"]
[White "Short,N"]
[Black "Shulman,Y"]
[Result "0-1"]
[WhiteElo "2676"]
[BlackElo "2551"]

1.e4 e6 2.d4 d5 3.Nc3 Bb4 4.e5 c5 5.a3 Bxc3+ 6.bxc3 Ne7 7.Qg4 O-O 8.Bd3 Qa5
9.Ne2 cxd4 10.Bg5 Ng6 11.f4 Nd7 12.h4 f5 13.Qg3 Rf7 14.h5 Ngf8 15.Qh4 Nc5
16.Be7 dxc3 17.Rh3 Bd7 18.Nd4 Rc8 19.Bxc5 Qxc5 20.Qf2 Ba4 21.Ke2 Qb6 22.Rg1 Nd7
23.g4 fxg4 24.Rxg4 Nxe5  0-1

[Event "2nd IECC"]
[Site "Ohrid MKD"]
[Date "2001.06.14"]
[Round "13"]
[White "Shulman,Y"]
[Black "Fedorov,Alex"]
[Result "0-1"]
[WhiteElo "2551"]
[BlackElo "2590"]

1.d4 Nf6 2.c4 g6 3.Nc3 Bg7 4.e4 d6 5.Nf3 O-O 6.Be2 e5 7.d5 a5 8.Bg5 h6 9.Bh4 Na6
10.O-O Nc5 11.Nd2 Bd7 12.Qc2 g5 13.Bg3 h5 14.h4 Ng4 15.hxg5 Qxg5 16.Nf3 Qh6
17.Nh4 Bf6 18.Nf5 Bxf5 19.exf5 h4 20.Bxg4 hxg3 21.fxg3 e4 22.Bh3 Rfe8 23.Rae1 e3
24.Re2 Re7 25.Rf3 Rae8 26.Kh2 Bg5 27.Kg1 Qf6 28.Rf1 Ne4 29.Nxe4 Rxe4 30.b3 c6
31.dxc6 bxc6 32.Kh2 d5 33.cxd5 cxd5 34.Qc5 Qa6 35.Qc2 Bf6 36.Rd1 Rc8 37.Qd3 Qxd3
38.Rxd3 d4 39.g4 Rc3 40.Rxc3 dxc3 41.g3 c2 42.Rxc2 e2  0-1

[Event "29th World Open"]
[Site "Philadelphia USA"]
[Date "2001.07.04"]
[Round "1"]
[White "Shulman,Y"]
[Black "Friedel,J"]
[Result "1-0"]
[WhiteElo "2551"]
[BlackElo "2192"]

1.d4 Nf6 2.c4 c5 3.d5 b5 4.cxb5 a6 5.bxa6 g6 6.Nc3 Bxa6 7.e4 Bxf1 8.Kxf1 d6
9.Nge2 Bg7 10.h3 O-O 11.Kg1 Nbd7 12.Kh2 Qb6 13.Qc2 Rfb8 14.Rb1 Qa6 15.Rd1 c4
16.Nd4 Ne5 17.Be3 Rb7 18.Qd2 Nfd7 19.b4 Nd3 20.Nc2 Bxc3 21.Qxc3 Rab8 22.a3 f6
23.Nd4 Ra8 24.a4 Nb6 25.a5 Na4 26.Qc2 Nab2 27.Rxb2 Nxb2 28.Qxb2 Qxa5 29.Nc6 c3
30.Qxc3  1-0

[Event "29th World Open"]
[Site "Philadelphia USA"]
[Date "2001.07.05"]
[Round "2"]
[White "Dougherty,M"]
[Black "Shulman,Y"]
[Result "0-1"]
[WhiteElo "2282"]
[BlackElo "2551"]


1.e4 c5 2.f4 e6 3.Nf3 a6 4.d3 d5 5.Nbd2 Nc6 6.g3 g6 7.Bg2 Bg7 8.O-O Nge7
9.c3 b6 10.Rb1 a5 11.a3 Ba6 12.c4 O-O 13.b3 dxe4 14.dxe4 Qd3 15.Re1 Rfd8
16.Bb2 e5 17.Qe2 Bh6 18.Nf1 Qxe2 19.Rxe2 exf4 20.Bc1 Rd1 21.Re1 Rxe1 22.Nxe1 Nd4
23.gxf4 Ne2+ 24.Kf2 Nxc1 25.Rxc1 Bxf4 26.Rd1 a4 27.Rd7 axb3 28.Nd3 Bg5 29.e5 Re8  0-1

[Event "29th World Open"]
[Site "Philadelphia USA"]
[Date "2001.07.05"]
[Round "3"]
[White "Shulman,Y"]
[Black "Paschall,W"]
[Result "1-0"]
[WhiteElo "2551"]
[BlackElo "2370"]


1.d4 Nf6 2.c4 e6 3.Nc3 Bb4 4.e3 O-O 5.Ne2 d5 6.a3 Be7 7.cxd5 exd5 8.b4 Re8
9.Ng3 c6 10.Bd3 Nbd7 11.O-O g6 12.Qb3 Nf8 13.Bd2 Ne6 14.h3 h5 15.Nge2 Ng7
16.f3 Nf5 17.Bxf5 Bxf5 18.e4 Be6 19.e5 Nd7 20.Nf4 Qb6 21.Nxe6 fxe6 22.Be3 a5
23.Na4 Qb5 24.Qc2 Kf7 25.Nc5 Bxc5 26.bxc5 b6 27.Rab1 Qa6 28.cxb6 Nxb6 29.Qxc6 Nc8
30.Rfc1 Qxc6 31.Rxc6 Ne7 32.Rb7 Reb8 33.Rbc7  1-0

[Event "29th World Open"]
[Site "Philadelphia USA"]
[Date "2001.07.06"]
[Round "5"]
[White "Shulman,Y"]
[Black "Gulko,B"]
[Result "1/2-1/2"]
[WhiteElo "2551"]
[BlackElo "2606"]

1.d4 e6 2.c4 Bb4+ 3.Bd2 a5 4.g3 d6 5.Bg2 e5 6.e3 Nf6 7.Ne2 O-O 8.O-O Bxd2
9.Nxd2 Nc6 10.d5 Ne7 11.h3 c6 12.Nc3 cxd5 13.cxd5 b6 14.a3 Ba6 15.Re1 Rc8
16.Rc1 b5 17.b4 axb4 18.axb4 Qb6 19.Qb3 Rc7 20.Qb2 Bb7 21.e4 Bc8 22.Ne2 Bd7
23.Rxc7 Qxc7 24.Rc1 Qb6 25.Qa3 Rc8 26.Rxc8+  1/2-1/2

[Event "Continental Open"]
[Site "Las Vegas USA"]
[Date "2001.07.27"]
[Round "2"]
[White "Tate,E"]
[Black "Shulman,Y"]
[Result "1-0"]
[WhiteElo "2377"]
[BlackElo "2568"]

1.e4 c5 2.Nf3 e6 3.d4 cxd4 4.Nxd4 Nc6 5.Nc3 Qc7 6.f4 a6 7.Be3 b5 8.Qf3 Bb7
9.Bd3 Nf6 10.O-O-O Be7 11.g4 d6 12.g5 Nd7 13.Nxc6 Bxc6 14.Rhe1 Nc5 15.Kb1 Qb7
16.Bd4 b4 17.b3 bxc3 18.Bxg7 Rg8 19.Bxc3 a5 20.h4 a4 21.Bb2 axb3 22.axb3 Qa7
23.Qh5 Qa2+ 24.Kc1 Rc8 25.Bc4 Rf8 26.f5 e5 27.g6 hxg6 28.fxg6 fxg6 29.Qxg6+ Kd7
30.Bxe5 Kc7 31.Bb2 Kb6  1-0

[Event "Governor's Cup"]
[Site "Sioux Falls USA"]
[Date "2001.09.22"]
[Round "4"]
[White "Tate,E"]
[Black "Shulman,Y"]
[Result "0-1"]
[WhiteElo "2377"]
[BlackElo "2568"]

1.e4 e6 2.Nf3 d5 3.Nc3 Nf6 4.e5 Nfd7 5.d4 c5 6.Ne2 Nc6 7.c3 cxd4 8.cxd4 f6
9.Nf4 Bb4+ 10.Bd2 Qe7 11.exf6 Nxf6 12.Bd3 O-O 13.O-O Ne4 14.Be3 Bd6 15.g3 Qf6
16.Bxe4 dxe4 17.Nd2 Bxf4 18.gxf4 Bd7 19.Nxe4 Qg6+ 20.Ng3 Ne7 21.Rc1 Bc6 22.Qh5 Rad8
23.Qg5 Qf7 24.Qh5 Qxh5 25.Nxh5 Nf5 26.Rfe1 Nh4 27.Rxc6 Nf3+ 28.Kf1 bxc6 29.Rc1 Rd5
30.Ng3 Nxd4 31.Bxd4 Rxd4 32.Rxc6 Rd2 33.Rc7 Rxf4 34.Nh5 Rf7 35.Rc8+ Rf8 36.Rc7 Rdxf2+
37.Ke1 R2f7  0-1